[Event "Danmarksmesterskabet 2026"]
[Site "Svendborg"]
[Date "2026.04.05"]
[Round "9.4"]
[White "Ramsdal, Jens Albert"]
[Black "Medhus, Vitus Bondo"]
[Result "1/2-1/2"]
[WhiteElo "2329"]
[BlackElo "2439"]
[WhiteFideId "1429221"]
[BlackFideId "1462547"]
[EventDate "2026.03.28"]
[EventType "tourn"]
[EventRounds "9"]
[EventCountry "DEN"]
[SourceTitle "Live v. Kasper Jerwiarz"]

1. e4 c5 2. Nf3 d6 3. d4 cxd4 4. Nxd4 Nf6 5. Nc3 a6 6. h3 e5 7. Nf3 Be7 8. g4 Be6 9. g5 Nfd7 10. Be3 Nc6 11. Nd5 O-O 12. Qd2 Nc5 13. Bxc5 dxc5 14. c3 Bxd5 15. exd5 e4 16. dxc6 exf3 17. Qxd8 Raxd8 18. Rd1 Rde8 19. Kd2 Bxg5+ 20. Kc2 b5 21. h4 Bd8 22. Bh3 Re2+ 23. Rd2 Rfe8 24. Rd1 Kf8 25. Bg4 Rxd2+ 26. Rxd2 Re2 27. Bxf3 Rxd2+ 28. Kxd2 Ke7 29. h5 Kd6 30. Ke3 Ke5 31. Be4 f5 32. f4+ Ke6 33. Bf3 Kd6 34. b3 c4 35. bxc4 Bb6+ 36. Kd3 bxc4+ 37. Kxc4 Be3 38. c7 Kxc7 39. Kd5 Bxf4 40. Ke6 Bd2 41. Kxf5 Bxc3 42. Bd5 Kd6 1/2-1/2

[Event "Danmarksmesterskabet 2026"]
[Site "Svendborg"]
[Date "2026.04.05"]
[Round "9.5"]
[White "Borge, Nikolaj"]
[Black "Hansen, Sune Berg"]
[Result "0-1"]
[WhiteElo "2367"]
[BlackElo "2498"]
[WhiteFideId "1400312"]
[BlackFideId "1400266"]
[EventDate "2026.03.28"]
[EventType "tourn"]
[EventRounds "9"]
[EventCountry "DEN"]
[SourceTitle "Live v. Kasper Jerwiarz"]

1. e4 c5 2. Nf3 e6 3. d4 cxd4 4. Nxd4 Nc6 5. Nxc6 bxc6 6. Bd3 d5 7. Nd2 Nf6 8. O-O Be7 9. Re1 Qb6 10. e5 Nd7 11. Qg4 Kf8 12. Nf3 h6 13. c3 c5 14. c4 d4 15. h4 Bb7 16. h5 a5 17. Nd2 Qc7 18. f4 Ra6 19. a4 Rb6 20. Ra3 f5 21. exf6 Nxf6 22. Qh3 Qxf4 23. Rxe6 Ng4 24. Rxb6 Qf2+ 25. Kh1 Qe1+ 26. Nf1 Nf2+ 27. Kh2 Nxh3 28. Rxb7 Qe5+ 29. Kxh3 Qxh5+ 30. Kg3 Bh4+ 31. Kf4 Bg5+ 32. Ke4 Bxc1 33. Rb8+ Ke7 34. Rxh8 Ke6 35. Re8+ Qxe8 36. Kf3 Qh5+ 37. Kf2 Qd1 38. Be4 Ke5 39. Bh7 Bxb2 40. Rf3 Kd6 41. Ng3 d3 42. Rxd3+ Bd4+ 0-1